000 00551nam a2200217Ia 4500
003 OSt
005 20221007074227.0
006 a|||||r|||| 00| 0
007 ta
008 221006b |||||||| |||| 00| 0 eng d
024 _a17,445
037 _cTextual
040 _aFLL
_cFLL
_beng
041 _2eng
_aeng
082 _aY0aD854, M0
245 0 _aSociety and the environment
260 _aMoscow
_bProgress Publishers Moscow
_c1980
300 _a173p
_ccm.
942 _hY0aD854, M0
_cTEXL
_2CC
999 _c1151611
_d1151611